Coen Brothers Movies Quiz Stats

 Plays Quiz Updated Feb 12, 2016

Challenge
Share
Tweet
Embed
Score 0/17 Timer 05:00
7 Plays Today
Year Movie % Correct
1996Fargo
88.5%
2007No Country for Old Men
84.4%
1998The Big Lebowski
75.1%
2008Burn After Reading
69.8%
2000O Brother, Where Art Thou?
66.5%
2016Hail, Caesar!
65.3%
1987Raising Arizona
61.6%
1984Blood Simple
50%
1991Barton Fink
48.7%
Year Movie % Correct
1990Miller's Crossing
44.7%
2004The Ladykillers
41.4%
1994The Hudsucker Proxy
39.6%
2013Inside Llewyn Davis
37.2%
2003Intolerable Cruelty
35.2%
2001The Man Who Wasn't There
31.3%
2009A Serious Man
29.3%
2010True Grit
22.9%

You're not logged in!

Compare scores with friends on all Sporcle quizzes.
OR
Log In

You Might Also Like...

Show Comments

Extras

Top Quizzes Today


Score Distribution

Your Account Isn't Verified!

In order to create a playlist on Sporcle, you need to verify the email address you used during registration. Go to your Sporcle Settings to finish the process.

Report this User

Report this user for behavior that violates our Community Guidelines.

Details: